[Event "GEO-ch U20 Girls 2020"]
[Site "Tbilisi"]
[Date "2020.08.11"]
[Round "6.9"]
[White "Donghvani, Nia"]
[Black "Bechvaia, Maia"]
[Result "1-0"]
[WhiteElo "1994"]
[BlackElo "1597"]
[Annotator "TA"]
[PlyCount "35"]
[EventDate "2020.08.06"]
[EventType "tourn"]
[EventCountry "GEO"]
[SourceTitle "playchess.com"]
[Source "ChessBase"]
[SourceQuality "1"]

{[%evp 21,35,32,19,0,32,27,39,45,28,26,52,52,473,469,457,469]} 1. e4 c5 2. Nf3 Nc6 3. d4 cxd4 4. Nxd4 e5 5. Nb5 d6 6. N1c3 a6 7. Na3 b5 8. Nd5 Nf6 9. Bg5 Be7 10. Bxf6 Bxf6 11. c3 O-O 12. Be2 {B33: Sicilian: Pelikan and Sveshnikov Variations.} g6 13. Nc2 Bg7 14. Nce3 {White is slightly better.} Rb8 15. O-O {[#]} b4 $146 ({Predecessor:} 15... f5 16. exf5 gxf5 17. f4 Kh8 18. Rf3 b4 19. Nc4 Bb7 20. Rh3 bxc3 21. bxc3 exf4 22. Nxf4 {1-0 (67) Antoniewski,R (2350)-Stankova,Z (2105) Pardubice 1996}) 16. Qa4 Qd7 $2 {[%mdl 8192] [#]} ({Black should try} 16... Bb7 $1 $14) 17. Qxc6 $1 $18 {[%mdl 576] Remove Defender, Deflection, Decoy} Qxc6 18. Ne7+ {[%mdl 64] Double Attack. Black got outplayed after the opening} 1-0

[Event "GEO-ch U20 Girls 2020"]
[Site "Tbilisi"]
[Date "2020.08.11"]
[Round "6.10"]
[White "Bedoshvili, Dea"]
[Black "Mgeladze, Kesaria"]
[Result "1-0"]
[WhiteElo "1587"]
[BlackElo "1215"]
[Annotator "NA RC"]
[PlyCount "59"]
[EventDate "2020.08.06"]
[EventType "tourn"]
[EventCountry "GEO"]
[SourceTitle "playchess.com"]
[Source "ChessBase"]
[SourceQuality "1"]
[TimeControl "40/5400+30:1800+30"]

1. d4 {[%emt 0:00:00]} Nf6 {[%emt 0:00:00]} 2. Nf3 {[%emt 0:00:00]} e6 {[%emt 0:00:00]} 3. c4 {[%emt 0:00:40]} d5 {[%emt 0:00:07]} 4. g3 {[%emt 0:00:37]} Be7 {[%emt 0:00:09]} 5. Bg2 {[%emt 0:00:11]} O-O {[%emt 0:00:06]} 6. O-O {[%emt 0:00:05]} dxc4 {[%emt 0:00:36]} 7. Nbd2 {[%emt 0:02:45]} c3 {[%emt 0:08:42]} 8. bxc3 {[%emt 0:00:07]} c5 {[%emt 0:00:07]} 9. Rb1 {[%emt 0:02:05]} Nc6 {[%emt 0:03:06]} 10. Nc4 {[%emt 0:01:54]} Nd5 {[%emt 0:13:28]} 11. Qd3 {[%emt 0:13:49]} cxd4 {[%emt 0:09:46]} 12. cxd4 {[%emt 0:09:13]} a6 {[%emt 0:20:21]} 13. e4 {[%emt 0:03:35]} Ndb4 {[%emt 0:00:33]} 14. Qd2 {[%emt 0:00:06]} b5 {[%emt 0:00:44]} 15. Ne3 {[%emt 0:00:32]} Na7 {[%emt 0:11:15]} 16. Rxb4 {[%emt 0:00:22]} Bxb4 {[%emt 0:00:05]} 17. Qxb4 {[%emt 0:00:03]} a5 {[%emt 0:00:11]} 18. Qd2 {[%emt 0:00:11]} b4 {[%emt 0:00:28]} 19. d5 {[%emt 0:01:04]} Nb5 {[%emt 0:00:49]} 20. Bb2 {[%emt 0:00:22]} Ba6 {[%emt 0:02:30]} 21. Nd4 {[%emt 0:14:06]} Nc3 {[%emt 0:02:56]} 22. Nc6 {[%emt 0:02:37]} Qc7 {[%emt 0:05:01]} 23. Ra1 {[%emt 0:01:39]} exd5 {[%emt 0:01:03]} 24. exd5 {[%emt 0:00:29]} Nb5 {[%emt 0:07:20]} 25. Nf5 {[%emt 0:03:20]} f6 {[%emt 0:02:05]} 26. d6 {[%emt 0:00:18]} Qd7 {[%emt 0:00:28]} 27. Nce7+ {[%emt 0:00:54]} Kh8 {[%emt 0:00:08]} 28. Bxa8 {[%emt 0:03:30]} Rxa8 {[%emt 0:00:06]} 29. Qd5 {[%emt 0:00:09]} Bb7 {[%emt 0:00:15]} 30. Qf7 {[%emt 0:00:09]} 1-0

[Event "GEO-ch U20 Girls 2020"]
[Site "Tbilisi"]
[Date "2020.08.11"]
[Round "6.11"]
[White "Lomaia, Diana"]
[Black "Antia, Sopia"]
[Result "1-0"]
[WhiteElo "1999"]
[BlackElo "1653"]
[Annotator "ChessBase"]
[PlyCount "83"]
[EventDate "2020.08.06"]
[EventType "tourn"]
[EventCountry "GEO"]
[SourceTitle "playchess.com"]
[Source "ChessBase"]
[SourceQuality "1"]
[TimeControl "40/5400+30:1800+30"]

1. d4 {[%emt 0:00:00]} Nf6 {[%emt 0:00:00]} 2. c4 {[%emt 0:00:00]} e6 {[%emt 0:00:00]} 3. g3 {[%emt 0:00:00]} d5 {[%emt 0:00:00]} 4. Nf3 {[%emt 0:00:00]} Be7 {[%emt 0:00:00]} 5. Bg2 {[%emt 0:00:00]} O-O {[%emt 0:00:00]} 6. O-O {[%emt 0:00:00]} dxc4 {[%emt 0:00:00]} 7. Qc2 {[%emt 0:00:12]} a6 {[%emt 0:00:24]} 8. a4 {[%emt 0:00:33]} Nc6 {[%emt 0:00:43]} 9. Rd1 {[%emt 0:01:20]} b5 {[%emt 0:14:30]} 10. axb5 {[%emt 0:08:40]} Nb4 {[%emt 0:00:11]} 11. Qd2 {[%emt 0:00:17]} Rb8 {[%emt 0:10:34]} 12. bxa6 {[%emt 0:01:45]} Bxa6 {[%emt 0:00:06]} 13. Nc3 {[%emt 0:10:59]} Bb7 {[%emt 0:03:43]} 14. Ne5 {[%emt 0:05:05]} Bxg2 {[%emt 0:22:55]} 15. Kxg2 {[%emt 0:00:03]} Ra8 {[%emt 0:00:05]} 16. Rxa8 {[%emt 0:08:05]} Qxa8+ {[%emt 0:00:04]} 17. f3 {[%emt 0:04:09]} Qa6 {[%emt 0:04:18]} 18. e4 {[%emt 0:07:03]} Rd8 {[%emt 0:12:49]} 19. Qe2 {[%emt 0:01:43]} Nc6 {[%emt 0:00:07]} 20. Nxc6 {[%emt 0:00:25]} Qxc6 {[%emt 0:00:09]} 21. d5 {[%emt 0:00:19]} exd5 {[%emt 0:03:25]} 22. exd5 {[%emt 0:02:00]} Qc5 {[%emt 0:01:02]} 23. Be3 {[%emt 0:02:29]} Qb4 {[%emt 0:01:59]} 24. Rd4 {[%emt 0:00:35]} Qb8 {[%emt 0:04:29]} 25. Bc1 {[%emt 0:17:03]} Bb4 {[%emt 0:01:56]} 26. Qxc4 {[%emt 0:00:47]} Bxc3 {[%emt 0:02:14]} 27. bxc3 {[%emt 0:00:01]} Qb7 {[%emt 0:00:08]} 28. Qc6 {[%emt 0:01:51]} Qxc6 {[%emt 0:04:14]} 29. dxc6 {[%emt 0:00:03]} Rxd4 {[%emt 0:00:08]} 30. cxd4 {[%emt 0:00:05]} Nd5 {[%emt 0:00:06]} 31. Ba3 {[%emt 0:01:48]} f5 {[%emt 0:00:48]} 32. Kf2 {[%emt 0:03:48]} Kf7 {[%emt 0:00:05]} 33. Ke2 {[%emt 0:00:28]} Ke6 {[%emt 0:00:47]} 34. Kd3 {[%emt 0:00:32]} h5 {[%emt 0:04:03]} 35. Kc4 {[%emt 0:03:18]} Nb6+ {[%emt 0:01:29]} 36. Kc5 {[%emt 0:01:19]} Nd5 {[%emt 0:03:14]} 37. Bc1 {[%emt 0:00:53]} g6 {[%emt 0:04:24]} 38. Bg5 {[%emt 0:00:35]} Nb6 {[%emt 0:01:22]} 39. Bd8 {[%emt 0:00:35]} Na4+ {[%emt 0:01:36]} 40. Kb5 {[%emt 0:02:30]} Nc3+ {[%emt 0:01:01]} 41. Kc4 {[%emt 0:30:10]} Nd5 {[%emt 0:30:30]} 42. Kc5 {[%emt 0:00:04]} 1-0

[Event "GEO-ch U20 Girls 2020"]
[Site "Tbilisi"]
[Date "2020.08.11"]
[Round "6.12"]
[White "Tsotsonava, Elene"]
[Black "Janiashvili, Mariami"]
[Result "1-0"]
[WhiteElo "2012"]
[BlackElo "2012"]
[Annotator "ChessBase"]
[PlyCount "61"]
[EventDate "2020.08.06"]
[EventType "tourn"]
[EventCountry "GEO"]
[SourceTitle "playchess.com"]
[Source "ChessBase"]
[SourceQuality "1"]
[TimeControl "40/5400+30:1800+30"]

1. e4 {[%emt 0:00:00]} g6 {[%emt 0:00:00]} 2. d4 {[%emt 0:00:00]} d6 {[%emt 0:00:00]} 3. Nc3 {[%emt 0:00:00]} Nf6 {[%emt 0:00:00]} 4. f4 {[%emt 0:00:00]} Bg7 {[%emt 0:00:00]} 5. Nf3 {[%emt 0:00:00]} c5 {[%emt 0:00:00]} 6. dxc5 {[%emt 0:00:49]} Qa5 {[%emt 0:00:15]} 7. Qd4 {[%emt 0:00:21]} O-O {[%emt 0:04:34]} 8. Bd2 {[%emt 0:02:33]} Nc6 {[%emt 0:02:26]} 9. Qg1 {[%emt 0:02:02]} Qxc5 {[%emt 0:01:54]} 10. Qxc5 {[%emt 0:01:39]} dxc5 {[%emt 0:00:02]} 11. e5 {[%emt 0:00:21]} Ne8 {[%emt 0:06:10]} 12. Bb5 {[%emt 0:11:08]} Nc7 {[%emt 0:03:32]} 13. Bxc6 {[%emt 0:00:47]} bxc6 {[%emt 0:00:02]} 14. Ne4 {[%emt 0:00:57]} Ne6 {[%emt 0:08:17]} 15. Be3 {[%emt 0:20:00]} Rb8 {[%emt 0:26:38]} 16. O-O-O {[%emt 0:02:55]} Rb5 {[%emt 0:00:03]} 17. g3 {[%emt 0:11:10]} c4 {[%emt 0:13:07]} 18. Nc3 {[%emt 0:06:36]} a6 {[%emt 0:14:45]} 19. Nd2 {[%emt 0:08:25]} Rb8 {[%emt 0:04:21]} 20. Nxc4 {[%emt 0:01:30]} Nc7 {[%emt 0:04:58]} 21. Na5 {[%emt 0:11:32]} Bg4 {[%emt 0:03:37]} 22. Nxc6 {[%emt 0:01:10]} Bxd1 {[%emt 0:02:52]} 23. Nxb8 {[%emt 0:03:09]} Bxc2 {[%emt 0:00:17]} 24. Nxa6 {[%emt 0:02:44]} Nxa6 {[%emt 0:00:05]} 25. Kxc2 {[%emt 0:00:03]} f6 {[%emt 0:00:37]} 26. exf6 {[%emt 0:03:04]} exf6 {[%emt 0:00:13]} 27. a3 {[%emt 0:00:36]} f5 {[%emt 0:00:05]} 28. Rd1 {[%emt 0:00:08]} Re8 {[%emt 0:00:27]} 29. Bd4 {[%emt 0:01:06]} Bf8 {[%emt 0:00:01]} 30. Be5 {[%emt 0:03:27]} Rc8 {[%emt 0:00:41]} 31. b4 {[%emt 0:00:30]} 1-0

[Event "GEO-ch U20 Girls 2020"]
[Site "Tbilisi"]
[Date "2020.08.12"]
[Round "7.7"]
[White "Koridze, Lile"]
[Black "Donghvani, Nia"]
[Result "1/2-1/2"]
[WhiteElo "1996"]
[BlackElo "1994"]
[Annotator "ChessBase"]
[PlyCount "123"]
[EventDate "2020.08.06"]
[EventType "tourn"]
[EventCountry "GEO"]
[SourceTitle "playchess.com"]
[Source "ChessBase"]
[SourceQuality "1"]
[TimeControl "40/5400+30:1800+30"]

1. d4 {[%emt 0:00:00]} Nf6 {[%emt 0:00:00]} 2. c4 {[%emt 0:00:00]} c5 {[%emt 0:00:12]} 3. d5 {[%emt 0:00:00]} e6 {[%emt 0:00:08]} 4. Nc3 {[%emt 0:00:00]} exd5 {[%emt 0:00:03]} 5. cxd5 {[%emt 0:00:00]} d6 {[%emt 0:00:04]} 6. Nf3 {[%emt 0:00:00]} g6 {[%emt 0:00:11]} 7. Nd2 {[%emt 0:00:00]} Bg7 {[%emt 0:00:13]} 8. Nc4 {[%emt 0:00:04]} O-O {[%emt 0:00:12]} 9. Bg5 {[%emt 0:00:07]} Qe7 {[%emt 0:00:32]} 10. Qd2 {[%emt 0:00:37]} Na6 {[%emt 0:08:57]} 11. e3 {[%emt 0:16:03]} h6 {[%emt 0:07:53]} 12. Bf4 {[%emt 0:02:14]} Rd8 {[%emt 0:00:29]} 13. h3 {[%emt 0:01:23]} Nc7 {[%emt 0:01:03]} 14. a4 {[%emt 0:03:05]} b6 {[%emt 0:00:12]} 15. Be2 {[%emt 0:01:41]} Ba6 {[%emt 0:11:37]} 16. O-O {[%emt 0:02:29]} Ne4 {[%emt 0:01:41]} 17. Nxe4 {[%emt 0:02:30]} Bxc4 {[%emt 0:00:03]} 18. Bxc4 {[%emt 0:04:43]} Qxe4 {[%emt 0:00:03]} 19. Rac1 {[%emt 0:00:51]} a6 {[%emt 0:00:04]} 20. b4 {[%emt 0:08:53]} b5 {[%emt 0:32:53]} 21. Bd3 {[%emt 0:05:15]} Qxd5 {[%emt 0:02:42]} 22. Qc2 {[%emt 0:00:34]} Rac8 {[%emt 0:04:43]} 23. Rfd1 {[%emt 0:13:35]} Qe6 {[%emt 0:01:25]} 24. Be4 {[%emt 0:03:58]} c4 {[%emt 0:05:06]} 25. axb5 {[%emt 0:01:16]} axb5 {[%emt 0:01:57]} 26. Bb7 {[%emt 0:00:34]} Rb8 {[%emt 0:00:55]} 27. Bf3 {[%emt 0:01:13]} Qf6 {[%emt 0:07:16]} 28. Qa2 {[%emt 0:01:12]} Bf8 {[%emt 0:07:36]} 29. Qa7 {[%emt 0:02:43]} Ne8 {[%emt 0:01:43]} 30. Bc6 {[%emt 0:06:45]} Qe7 {[%emt 0:00:21]} 31. Qd4 {[%emt 0:03:01]} Bg7 {[%emt 0:01:08]} 32. Qd2 {[%emt 0:01:09]} Rb6 {[%emt 0:03:13]} 33. Bf3 {[%emt 0:00:45]} Nf6 {[%emt 0:00:28]} 34. e4 {[%emt 0:00:48]} Ra6 {[%emt 0:01:14]} 35. e5 {[%emt 0:00:53]} Ne8 {[%emt 0:00:15]} 36. Qd5 {[%emt 0:00:55]} Rb6 37. exd6 {[%emt 0:02:25]} Nxd6 {[%emt 0:01:09]} 38. Qc5 {[%emt 0:00:15]} Nc8 39. Rxd8+ {[%emt 0:00:34]} Qxd8 {[%emt 0:00:50]} 40. Bc7 {[%emt 0:00:05]} Qg5 {[%emt 0:00:55]} 41. Qxg5 {[%emt 0:35:24]} hxg5 {[%emt 0:30:03]} 42. Bxb6 {[%emt 0:00:48]} Nxb6 {[%emt 0:00:03]} 43. Bc6 {[%emt 0:00:32]} Bb2 {[%emt 0:01:24]} 44. Rc2 {[%emt 0:01:21]} c3 {[%emt 0:00:02]} 45. Bxb5 {[%emt 0:02:06]} Nd5 {[%emt 0:00:20]} 46. Ba4 {[%emt 0:00:43]} Nxb4 {[%emt 0:00:32]} 47. Re2 {[%emt 0:00:05]} Kg7 {[%emt 0:00:27]} 48. g3 {[%emt 0:03:34]} Kf6 {[%emt 0:00:45]} 49. Kg2 {[%emt 0:01:51]} Nd3 {[%emt 0:00:40]} 50. Bc2 {[%emt 0:01:12]} Ne5 {[%emt 0:00:30]} 51. Re4 {[%emt 0:00:25]} Bc1 {[%emt 0:00:40]} 52. f4 {[%emt 0:00:29]} gxf4 {[%emt 0:00:07]} 53. gxf4 {[%emt 0:00:02]} Nd7 {[%emt 0:00:19]} 54. Rc4 {[%emt 0:00:18]} Bd2 {[%emt 0:00:13]} 55. Rc6+ {[%emt 0:01:06]} Ke7 {[%emt 0:00:41]} 56. Bb3 {[%emt 0:00:52]} Bxf4 {[%emt 0:01:13]} 57. Rxc3 {[%emt 0:00:05]} Be5 {[%emt 0:00:13]} 58. Rc6 {[%emt 0:00:25]} g5 {[%emt 0:00:33]} 59. Ra6 {[%emt 0:00:30]} f6 {[%emt 0:00:45]} 60. Rc6 {[%emt 0:02:15]} Nf8 {[%emt 0:00:21]} 61. Kf3 {[%emt 0:00:20]} Ng6 {[%emt 0:00:19]} 62. Ra6 {[%emt 0:01:25]} 1/2-1/2

[Event "GEO-ch U20 Girls 2020"]
[Site "Tbilisi"]
[Date "2020.08.12"]
[Round "7.8"]
[White "Pipia, Ekaterine"]
[Black "Tsotsonava, Elene"]
[Result "1/2-1/2"]
[WhiteElo "2071"]
[BlackElo "2012"]
[Annotator "ChessBase"]
[PlyCount "72"]
[EventDate "2020.08.06"]
[EventType "tourn"]
[EventCountry "GEO"]
[SourceTitle "playchess.com"]
[Source "ChessBase"]
[SourceQuality "1"]
[TimeControl "40/5400+30:1800+30"]

1. d4 {[%emt 0:00:00]} d5 {[%emt 0:00:00]} 2. Nf3 {[%emt 0:00:00]} Nf6 {[%emt 0:00:00]} 3. c4 {[%emt 0:00:00]} dxc4 {[%emt 0:00:01]} 4. Nc3 {[%emt 0:00:00]} a6 {[%emt 0:00:04]} 5. e4 {[%emt 0:02:22]} b5 {[%emt 0:00:10]} 6. Bg5 {[%emt 0:11:19]} Bb7 {[%emt 0:07:09]} 7. Ne5 {[%emt 0:07:35]} h6 {[%emt 0:20:06]} 8. Bh4 {[%emt 0:01:42]} Nbd7 {[%emt 0:08:09]} 9. Nxf7 {[%emt 0:08:13]} Kxf7 {[%emt 0:04:39]} 10. e5 {[%emt 0:00:07]} Nxe5 {[%emt 0:18:52]} 11. dxe5 {[%emt 0:00:40]} Qxd1+ {[%emt 0:00:04]} 12. Rxd1 {[%emt 0:00:40]} Ne4 {[%emt 0:00:15]} 13. Nd5 {[%emt 0:12:18]} e6 {[%emt 0:11:40]} 14. Nxc7 {[%emt 0:04:16]} Bb4+ {[%emt 0:00:34]} 15. Ke2 {[%emt 0:00:17]} Nc5 {[%emt 0:04:04]} 16. Nxa8 {[%emt 0:01:10]} Rxa8 {[%emt 0:00:25]} 17. Ke3 {[%emt 0:11:30]} Bd5 {[%emt 0:03:16]} 18. Be2 {[%emt 0:05:41]} Na4 {[%emt 0:07:13]} 19. Bf3 {[%emt 0:09:06]} Bxf3 {[%emt 0:01:54]} 20. gxf3 {[%emt 0:00:14]} Nxb2 {[%emt 0:00:21]} 21. Rd7+ {[%emt 0:00:24]} Kf8 {[%emt 0:00:30]} 22. f4 {[%emt 0:06:19]} Bc5+ {[%emt 0:03:05]} 23. Kf3 {[%emt 0:02:48]} Nd3 {[%emt 0:00:45]} 24. Rc7 {[%emt 0:02:24]} Ra7 {[%emt 0:06:04]} 25. Rxa7 {[%emt 0:07:42]} Bxa7 {[%emt 0:00:01]} 26. Rd1 {[%emt 0:00:31]} a5 {[%emt 0:02:41]} 27. Bd8 {[%emt 0:01:05]} a4 {[%emt 0:00:04]} 28. Ba5 {[%emt 0:01:08]} Bc5 {[%emt 0:00:41]} 29. Bd2 {[%emt 0:02:34]} b4 30. Ke2 {[%emt 0:01:20]} Nb2 {[%emt 0:01:40]} 31. Rc1 {[%emt 0:00:57]} Kf7 {[%emt 0:00:30]} 32. Be3 {[%emt 0:00:56]} Bxe3 {[%emt 0:00:28]} 33. Kxe3 {[%emt 0:00:01]} a3 {[%emt 0:00:24]} 34. Kd2 {[%emt 0:00:58]} Kg6 {[%emt 0:00:19]} 35. Rg1+ {[%emt 0:00:31]} Kf7 {[%emt 0:00:28]} 36. Kc2 {[%emt 0:00:28]} Nd3 {[%emt 0:00:42]} 1/2-1/2

[Event "GEO-ch U20 Girls 2020"]
[Site "Tbilisi"]
[Date "2020.08.12"]
[Round "7.9"]
[White "Esadze, Tamari"]
[Black "Bedoshvili, Dea"]
[Result "1-0"]
[WhiteElo "1882"]
[BlackElo "1587"]
[Annotator "NA RC"]
[PlyCount "39"]
[EventDate "2020.08.06"]
[EventType "tourn"]
[EventCountry "GEO"]
[SourceTitle "playchess.com"]
[Source "ChessBase"]
[SourceQuality "1"]
[TimeControl "40/5400+30:1800+30"]

{[%evp 10,39,22,28,35,27,43,45,35,24,36,47,102,21,23,20,56,6,163,175,174,181,383,182,459,464,458,474,593,619,610,452]} 1. e4 {[%emt 0:00:00]} e6 {[%emt 0:03:23]} 2. d4 {[%emt 0:00:00]} d5 {[%emt 0:00:03]} 3. Nd2 {[%emt 0:00:00]} dxe4 {[%emt 0:00:07]} 4. Nxe4 {[%emt 0:00:00]} Nd7 {[%emt 0:00:04]} 5. Nf3 {[%emt 0:00:00]} Ngf6 {[%emt 0:00:08]} 6. Nxf6+ {[%emt 0:00:00]} Nxf6 {[%emt 0:00:03]} 7. Bd3 {[%emt 0:00:00]} Be7 {[%emt 0:00:41]} 8. O-O {[%emt 0:00:02]} O-O {[%emt 0:00:04]} 9. c3 {[%emt 0:00:27]} h6 {[%emt 0:00:31] C10: French with 3 Nc3: Unusual Black 3rd moves and 3...dxe4.} 10. Re1 {[%emt 0:00:27]} b6 {[%emt 0:00:07] [#]} (10... c5 $14) 11. Bc2 {[%emt 0:01:49]} ({White should play} 11. Ne5 $1 $16) 11... Bb7 {[%emt 0:03:45] [#]} 12. Qd3 $146 {[%emt 0:02:13]} ({Predecessor:} 12. Bf4 c5 13. Qe2 cxd4 14. Nxd4 Qd5 15. f3 Rfd8 16. Bb3 Qc5 17. Kh1 Bd5 18. Bc2 Bc4 19. Qf2 {½-½ (36) Morgunov,M (2341)-Brehovsky,P (2149) Playchess.com INT 2020}) 12... Qd5 {[%emt 0:04:07]} 13. c4 {[%emt 0:02:51]} ({White should try} 13. Bf4 $16) 13... Qh5 {[%emt 0:01:06] [#]} (13... Qd6 $11) 14. Re5 $1 {[%emt 0:00:33]} Qg4 {[%emt 0:05:23]} 15. h3 {[%emt 0:00:15]} Be4 $2 {[%emt 0:00:05]} (15... Qg6) 16. Qe3 {[%emt 0:02:30]} ({But not} 16. hxg4 Bxd3 17. Bxd3 Nxg4 $18) ({Not} 16. Rxe4 Qxe4 17. Qxe4 Nxe4 $18) (16. Qxe4 $142 Qxe4 17. Bxe4) 16... Qg6 $2 {[%emt 0:03:52]} (16... Qxf3 {was necessary.} 17. gxf3 Bxc2) 17. Bxe4 {[%emt 0:00:09]} Nxe4 {[%emt 0:00:06]} 18. Rxe4 {[%emt 0:00:48]} Rae8 {[%emt 0:01:00]} 19. Ne5 {[%emt 0:00:06]} Qh5 {[%emt 0:00:45]} 20. Qe2 $18 {[%emt 0:03:16]} 1-0

[Event "GEO-ch U20 Girls 2020"]
[Site "Tbilisi"]
[Date "2020.08.12"]
[Round "7.10"]
[White "Bechvaia, Maia"]
[Black "Lomaia, Diana"]
[Result "0-1"]
[WhiteElo "1597"]
[BlackElo "1999"]
[Annotator "TA"]
[PlyCount "54"]
[EventDate "2020.08.06"]
[EventType "tourn"]
[EventCountry "GEO"]
[SourceTitle "playchess.com"]
[Source "ChessBase"]
[SourceQuality "1"]

{[%evp 24,54,-28,-26,0,-22,-21,-14,-10,-48,-37,-112,-100,-150,-143,-134,-143,-135,-116,-180,-165,-168,-173,-583,-170,-487,-490,-496,-507,-498,-487,-1256,-1241]} 1. e4 c5 2. Nf3 e6 3. c3 Nf6 4. e5 Nd5 5. d4 cxd4 6. cxd4 d6 7. Bc4 Nc6 8. O-O Be7 9. Nc3 Nxc3 10. bxc3 dxe5 11. dxe5 Qc7 12. Qe2 O-O 13. Bd3 Rd8 {is the legacy move (13...b6). B22: Sicilian: 2 c3.} 14. Bf4 b6 15. Rad1 Bb7 {[#] The position is equal.} 16. Bb1 $146 ({Predecessor:} 16. Nd2) 16... Na5 17. Qc2 (17. Ng5 $15 g6 18. Be4) 17... g6 $17 18. Nd4 Rac8 19. Rc1 Ba3 20. Rcd1 a6 ({Don't play} 20... Qxc3 $6 21. Qxc3 Rxc3 22. Nb5 $11) 21. Ne2 (21. Bg5 $17) 21... Nc4 $19 22. Rxd8+ Rxd8 23. Rd1 $2 {[#]} (23. Nd4 {is tougher.}) 23... Rc8 $2 $40 {[%mdl 128] Black goes for the king.} (23... Be4 $1 {[%mdl 512]} 24. Qb3 (24. Qxe4 Rxd1#) 24... Na5) 24. Qd3 $2 (24. Ng3 {is a better chance.}) 24... Nb2 {[%mdl 64] Double Attack. Black is clearly winning.} 25. Qd2 Nxd1 26. Qxd1 Rd8 {[%cal Rd8d1]} 27. Nd4 (27. Qf1 $142 Qc4 28. h3) 27... Qxc3 {White got outplayed after the opening. Accuracy: White = 24%, Black = 73%.} 0-1

[Event "GEO-ch U20 Girls 2020"]
[Site "Tbilisi"]
[Date "2020.08.12"]
[Round "7.11"]
[White "Antia, Sopia"]
[Black "Kirtadze, Anastasia"]
[Result "1/2-1/2"]
[WhiteElo "1653"]
[BlackElo "1679"]
[Annotator "NA"]
[PlyCount "67"]
[EventDate "2020.08.06"]
[EventType "tourn"]
[EventCountry "GEO"]
[SourceTitle "playchess.com"]
[Source "ChessBase"]
[SourceQuality "1"]
[TimeControl "40/5400+30:1800+30"]

1. d4 {[%emt 0:00:00]} Nf6 {[%emt 0:00:12]} 2. Nf3 {[%emt 0:00:00]} g6 {[%emt 0:00:38]} 3. Nbd2 {[%emt 0:06:07]} Bg7 {[%emt 0:05:13]} 4. e4 {[%emt 0:00:06]} d6 {[%emt 0:01:12]} 5. Bc4 {[%emt 0:00:29]} O-O {[%emt 0:01:03]} 6. O-O {[%emt 0:05:51]} Nc6 {[%emt 0:13:48]} 7. Re1 {[%emt 0:02:07]} e5 {[%emt 0:02:10]} 8. d5 {[%emt 0:00:11]} Ne7 {[%emt 0:00:31]} 9. Bf1 {[%emt 0:11:08]} Nd7 {[%emt 0:03:22]} 10. a3 {[%emt 0:03:59]} a5 {[%emt 0:03:23]} 11. Rb1 {[%emt 0:00:55]} h6 {[%emt 0:04:08]} 12. b4 {[%emt 0:02:54]} f5 {[%emt 0:04:51]} 13. c4 {[%emt 0:02:46]} f4 {[%emt 0:02:35]} 14. Qc2 {[%emt 0:06:20]} b6 {[%emt 0:03:27]} 15. Bb2 {[%emt 0:00:53]} g5 {[%emt 0:00:44]} 16. h3 {[%emt 0:00:06]} Ng6 {[%emt 0:00:27]} 17. Nb3 {[%emt 0:04:33]} a4 {[%emt 0:02:41]} 18. Nc1 {[%emt 0:00:05]} h5 {[%emt 0:00:51]} 19. Nh2 {[%emt 0:03:51]} g4 {[%emt 0:10:31]} 20. hxg4 {[%emt 0:01:26]} hxg4 {[%emt 0:00:09]} 21. Nxg4 {[%emt 0:02:51]} Qh4 {[%emt 0:04:24]} 22. f3 {[%emt 0:08:32]} Qxe1 {[%emt 0:12:10]} 23. Nf2 {[%emt 0:00:04]} Qe3 {[%emt 0:00:18]} 24. Ncd3 {[%emt 0:00:10]} Nh4 {[%emt 0:01:29]} 25. Be2 {[%emt 0:06:47]} b5 {[%emt 0:03:04]} 26. c5 {[%emt 0:00:01]} dxc5 {[%emt 0:00:57]} 27. Bc1 {[%emt 0:00:20]} Qd4 {[%emt 0:00:38]} 28. Bb2 {[%emt 0:01:02]} Qc4 {[%emt 0:01:59]} 29. Qd2 {[%emt 0:00:05]} Qa2 {[%emt 0:10:31]} 30. Ra1 {[%emt 0:03:52]} Qb3 {[%emt 0:00:15]} 31. Bd1 {[%emt 0:00:22]} Qc4 {[%emt 0:00:08]} 32. Rc1 {[%emt 0:00:11]} Qa2 {[%emt 0:00:38]} 33. Ra1 {[%emt 0:12:57]} Qc4 {[%emt 0:01:03]} 34. Rc1 {[%emt 0:00:40]} 1/2-1/2